000 00481nam a22001817a 4500
003 CEME
005 20210628210113.0
008 210211b xxu||||| |||| 00| 0 eng d
020 _a1-86058-022-X
040 _c.
082 _a629.2 AUT
100 _aMep
_97326
245 _aAutomotive systems sensors and signalling
260 _aLONDON
_bMEP
_c1996
300 _a7
650 _aAUTOMOTIVE SENSORS AND SIGNALLING SENSORS AND SIGNALLING-AUTOMOTIVE
_978140
942 _cBK
_2ddc
999 _c583300
_d583300